| 000 | 00465nam a2200205Ia 4500 | ||
|---|---|---|---|
| 008 | 170918s9999 xx 000 0 und d | ||
| 020 | _a9780545240048 | ||
| 050 | _bK886lo 2011 | ||
| 100 | _aKowitt, H.N. | ||
| 245 | 4 | _aThe loser list / | |
| 245 | _cby H.N Kowitt. | ||
| 260 | _aUSA : | ||
| 260 | _bScholastic, | ||
| 260 | _c2011 | ||
| 300 | _a213 pages : | ||
| 300 | _billustrations ; | ||
| 300 | _c20cm. | ||
| 300 | _eThe loser list ; | ||
| 440 | _a1 | ||
| 999 |
_c343602 _d343602 |
||